| LEADER 01174nam 2200277 a 4500 |
| 001 12334107697 |
| 003 ULIB |
| 008 030417s2551 th a sb 001 0 tha |
| 020 ^a9789743838972
|
| 060 4 ^aWO100^bศ338 2551
|
| 245 00 ^aศัลยศาสตร์ทั่วไป.^nเล่ม 6,^pTips & techniques in operative surgery /^cบรรณาธิการ พรพรหม เมืองแมน, ณัฐพล สันตระกูล, ประยุทธ ศิริวงษ์ และเพชร เกษตรสุวรรณ
|
| 246 30 ^aTips & techniques in operative surgery
|
| 250 ^aพิมพ์ครั้งที่ 1
|
| 260 ^aกรุงเทพฯ :^bโฆสิตการพิมพ์,^c2551
|
| 300 ^a369 หน้า :^bภาพประกอบ
|
| 650 7 ^aศัลยศาสตร์
|
| 650 7 ^aศัลยกรรม^vรวมเรื่อง
|
| 700 0 ^aพรพรหม เมืองแมน,^eบรรณาธิการ
|
| 856 ^zศัลยศาสตร์ทั่วไป. เล่ม 6 (10046043).pdf (สารบัญหนังสือ)^uhttp://61.19.69.198/ULIB//_fulltext/Content ::/12334107697/20171207145618_2553.pdf |
| 913 ^aImported by ULIBM Administrator
|
| 949 ^aImport form external file by ULIBM system
|
| 999 ^aสุณิสา
|